00829cam a2200241 a 4500001000500000005001700005020001800022040002300040050002300063082000800086100001900094245005700113250004500170260003600215300006000251505000800311520015200319521002000471521002000491650002300511650002200534700003100556301320250805100326.0 a9780545224024 aDLCcDLCdDLCbeng00aPZ8.3.M6467b 200900a3031 aMinor, Wendell10aIf you were a penguin /cWendell and Florence Minor. aFirst Scholastic printing , January 2010 aNew York :bScholastic , c2009 a27 unnumbered pages : bcolor illustrations ;c24 cm . aG  aPictures and rhyming text present some of the many extraordinary things penguins can do. Includes facts about penguins as well as related websites. a400 bLexile  aG bRaz-Plus  1aPenguinsvFiction. 1aStories in rhyme.1 aMinor, Florence Friedmann.